| 000 | 00426nam a22001817a 4500 | ||
|---|---|---|---|
| 005 | 20250617104834.0 | ||
| 008 | 250617b |||||||| |||| 00| 0 eng d | ||
| 020 | _a9789394364707 | ||
| 040 | _cILCL | ||
| 041 |
_2eng _aeng |
||
| 084 | _aXM55:Z2 Q8 | ||
| 100 | _aSingh, Avtar | ||
| 245 | _aCompany Law | ||
| 250 | _a17 | ||
| 260 |
_aLucknow _bEastern Book Company _c2018 |
||
| 300 | _acxxxvii,794p. | ||
| 942 |
_2CC _cTB |
||
| 999 |
_c1431779 _d1431779 |
||